000 00309nam a2200121Ia 4500
008 190216s9999||||xx |||||||||||||| ||und||
100 _aSrinivasan S K And Mehata K M
245 0 _aProbability And Random Processes
260 _bMannora Publications
_c1978
300 _a327p
650 _aCommerce
942 _cBK
999 _c4250
_d4250